Recordança : marxa fúnebre dedicada a la bona memòria del gran patrici, primer president de Catalunya restaurada, Francesc Macià : reducció per a piano [Música impresa] / per Josep Buxadé marxa fúnebre dedicada a la bona memòria del gran patrici, primer president de Catalunya restaurada, Francesc Macià :
Descripción Física:
1 reducció per a piano ms. [3 p.] ; 31 cm
MARC
| LEADER | 00000nam a2200000Ia 4500 | ||
|---|---|---|---|
| 001 | 16370 | ||
| 008 | 160829s1934?] xx 000 0 cat d | ||
| 080 | |a 4367, exp. 278 | ||
| 100 | |a Buxadé, Josep |9 48238 | ||
| 245 | |a Recordança : |b marxa fúnebre dedicada a la bona memòria del gran patrici, primer president de Catalunya restaurada, Francesc Macià : |b reducció per a piano [Música impresa] / per Josep Buxadé | ||
| 260 | |a [S.l. : |b s.n., |c 1934?] | ||
| 300 | |a 1 reducció per a piano ms. [3 p.] ; |c 31 cm | ||
| 650 | |a Marxes |x Reduccions per a piano |9 48239 | ||
| 650 | |a Piano, Música per a |x S. XX |9 48240 | ||
| 901 | |a Arxiu | ||
| 942 | |n 1 | ||
| 952 | |0 0 |1 0 |4 0 |6 4367_EXP_278 |7 1 |9 54415 |a Arxiu |b Arxiu |d 2016-12-01 |l 0 |o 4367, exp. 278 |p 16370 |r 2016-12-01 00:00:00 |w 2016-12-01 |y ARXIU | ||
| 999 | |c 58284 |d 58284 | ||